| 000 | 00886nam a2200253 a 4500 | ||
|---|---|---|---|
| 005 | 20220606090110.0 | ||
| 008 | 991125s1985 mx 000 0 spa u | ||
| 020 | _a9681618858 | ||
| 035 | _aUPN01000042226 | ||
| 040 |
_aMX-MxUPN _bspa _cMX-MxUPN |
||
| 050 | 4 |
_aPQ7104 L5 _bno.80 |
|
| 100 | 1 |
_aToussaint, Manuel, _d1890-1955 |
|
| 245 | 1 | 0 |
_aOaxaca y Tasco / _cManuel Toussaint. |
| 250 | _aPrimera edición | ||
| 260 |
_aMéxico : _bFondo de Cultura Económica : _bSecretaría de Educación Pública, Subsecretaría de Cultura, _c1985. |
||
| 300 |
_a174 páginas : _bilustraciones |
||
| 490 |
_aLecturas mexicanas ; _v80 |
||
| 650 | 2 |
_aLiteratura mexicana _vColecciones _99428 |
|
| 651 | 2 |
_aOaxaca _xDescripción y viajes _920506 |
|
| 651 | 0 |
_aTaxco de Alarcón, Guerrero (México) _xDescripción y viajes _944708 |
|
| 904 |
_aAC _b042228 |
||
| 905 | _aLibro | ||
| 942 |
_2lcc _cLIBRO |
||
| 999 |
_c42226 _d42226 |
||